[Event "DRUZYNOWE MISTRZOSTWA POLSKI - I LIGA"]
[Site "Ustron"]
[Date "1899-12-30"]
[Round "2.16"]
[White "Reza, Wojciech"]
[Black "Nowak, Mikolaj"]
[Result "1/2-1/2"]
[WhiteTitle "FM"]
[BlackTitle "k"]
[WhiteElo "2273"]
[BlackElo "2279"]

1. d4 d6 2. e4 Nf6 3. Nc3 g6 4. Nf3 Bg7 5. Be2 a6 6. O-O O-O 7. Re1 Nc6 8. d5 Nb8
9. a4 c6 10. a5 cxd5 11. exd5 b5 12. axb6 Bb7 13. Bc4 Nbd7 14. Na4 Rc8 15. Bb3
Re8 16. Be3 Ne4 17. c3 Nec5 18. Bc2 Rf8 19. Nxc5 dxc5 20. Bf4 Nxb6 21. d6 exd6
22. Qxd6 Qxd6 23. Bxd6 Rfd8 24. Be7 Re8 25. Bb3 a5 26. Bg5 a4 27. Bc2 Rxe1+ 28.
Nxe1 Bd5 29. Nd3 Bb3 30. Bxb3 axb3 31. Ra6 Nd7 32. Rd6 Ne5 33. Kf1 h6 34. Be3
Nc4 35. Rd5 Nxe3+ 36. fxe3 c4 37. Ne5 Bxe5 38. Rxe5 Ra8 39. Rd5 Ra1+ 40. Ke2 Rg1
41. Kf3 Rf1+ 42. Kg3 Rb1 43. Rd4 Rxb2 44. Rxc4 Rc2 45. Rc6 b2 46. Rb6 g5 47. h4
f5 48. hxg5 hxg5 49. c4 Kf7 50. c5 Ke7 51. Kf3 Kd7 52. g4 fxg4+ 53. Kxg4 Kc7 54.
Kf3 Kd7 55. Kg4 Kc7 56. Kf3 Kd7 1/2-1/2

[Event "DRUZYNOWE MISTRZOSTWA POLSKI - I LIGA"]
[Site "Ustron"]
[Date "1899-12-30"]
[Round "2.17"]
[White "Tomaszewski, Kacper"]
[Black "Renkowski, Piotr"]
[Result "1-0"]
[WhiteTitle "FM"]
[BlackTitle "k+"]
[WhiteElo "2341"]
[BlackElo "2149"]

1. d4 d5 2. c4 c6 3. Nc3 Nf6 4. Nf3 e6 5. Bg5 Nbd7 6. e3 Be7 7. Qc2 O-O 8. a3 Re8
9. Rd1 a6 10. c5 e5 11. dxe5 Ng4 12. Bf4 Bxc5 13. h3 Ngxe5 14. Nxe5 Nxe5 15. Nxd5
Ba7 16. Nc3 Qf6 17. Be2 Bf5 18. Qb3 b5 19. Qb4 c5 20. Bxe5 Qxe5 21. Qh4 Bb6 22.
Rd5 Qe6 23. Qf4 Bc2 24. Rd6 Qb3 25. Rxb6 Qxb2 26. Nd1 Bxd1 27. Bxd1 Qc3+ 28. Ke2
Qxa3 29. Kf3 c4 30. Bc2 Qc5 31. Rb7 Re7 32. Bxh7+ Kf8 33. Rxe7 Qxe7 34. Rd1 c3
35. Bf5 b4 36. Rd7 Qf6 37. Qxb4+ Kg8 38. Qf4 c2 39. Bxc2 1-0

[Event "DRUZYNOWE MISTRZOSTWA POLSKI - I LIGA"]
[Site "Ustron"]
[Date "1899-12-30"]
[Round "2.18"]
[White "Dwilewicz, Katarzyna"]
[Black "Kucharska, Honorata"]
[Result "1-0"]
[WhiteTitle "WFM"]
[BlackTitle "WFM"]
[WhiteElo "2134"]
[BlackElo "2237"]

1. e4 c5 2. Nf3 d6 3. d4 cxd4 4. Nxd4 Nf6 5. Nc3 a6 6. a4 e5 7. Nf3 h6 8. Bc4 Be7
9. h3 Be6 10. Qe2 Nc6 11. Be3 Rc8 12. Nd5 Bxd5 13. exd5 Nb4 14. Rd1 Qa5 15. O-O
Nbxd5 16. Bd2 Qc5 17. Bb3 O-O 18. Nh4 Rfe8 19. Nf5 Bf8 20. Qf3 e4 21. Qg3 Kh7
22. Rfe1 Re5 23. Ne3 Nh5 24. Qh2 Nxe3 25. Bxe3 Qc7 26. Bd4 Ree8 27. g4 Nf6 28.
Qf4 Qe7 29. Bxf6 Qxf6 30. Qxf6 gxf6 31. Bxf7 Re7 32. Bd5 Rce8 33. Rd4 Kg7 34.
Rdxe4 Rxe4 35. Rxe4 Rxe4 36. Bxe4 b6 37. Bb7 a5 38. f4 h5 39. Kf2 hxg4 40. hxg4
Kf7 41. Bd5+ Ke7 42. Ke3 Bh6 43. Ke4 Bf8 44. Kf5 Bh6 45. c3 Kf8 46. g5 fxg5 47.
fxg5 Bg7 48. Ke6 Be5 49. Kd7 Bf4 50. Kc6 Be3 51. g6 Kg7 52. Be4 Kf6 53. Kb5 d5
54. Bd3 Ke6 55. b4 axb4 56. cxb4 Bd4 57. Kc6 Be3 58. a5 bxa5 59. bxa5 Bd4 60.
a6 1-0

[Event "DRUZYNOWE MISTRZOSTWA POLSKI - I LIGA"]
[Site "Ustron"]
[Date "1899-12-30"]
[Round "2.19"]
[White "Cukrowski, Filip"]
[Black "Pakleza, Zbigniew"]
[Result "1/2-1/2"]
[WhiteTitle "FM"]
[BlackTitle "GM"]
[WhiteElo "2406"]
[BlackElo "2503"]

1. e4 c6 2. d4 d5 3. Nc3 dxe4 4. Nxe4 Nd7 5. Bd3 Ngf6 6. Ng5 e6 7. N1f3 Bd6 8.
Qe2 h6 9. Ne4 Nxe4 10. Qxe4 Qc7 11. Bd2 b6 12. O-O-O Bb7 13. c4 O-O-O 14. Bc3
c5 15. Qe2 Kb8 16. Kb1 Bxf3 17. Qxf3 cxd4 18. Bxd4 Ne5 19. Qe2 f6 20. b3 Nxd3
21. Rxd3 e5 22. Bc3 Bc5 23. Rhd1 Rxd3 24. Rxd3 Rd8 1/2-1/2

[Event "DRUZYNOWE MISTRZOSTWA POLSKI - I LIGA"]
[Site "Ustron"]
[Date "1899-12-30"]
[Round "2.20"]
[White "Jakubiec, Artur"]
[Black "Pacan-milej, Kosma"]
[Result "1/2-1/2"]
[WhiteTitle "GM"]
[BlackTitle "FM"]
[WhiteElo "2463"]
[BlackElo "2420"]

1. e4 c5 2. Nf3 Nc6 3. d4 cxd4 4. Nxd4 Nf6 5. Nc3 e5 6. Ndb5 d6 7. Bg5 a6 8. Na3
b5 9. Bxf6 gxf6 10. Nd5 Bg7 11. c3 Ne7 12. Nxe7 Qxe7 13. Bd3 f5 14. Nc2 d5 15.
exd5 e4 16. Be2 O-O 17. a4 f4 18. axb5 f3 19. Bf1 Bg4 20. Rg1 h5 21. h3 Qe5 22.
hxg4 Qh2 23. gxf3 Qxg1 24. fxe4 axb5 25. Rxa8 Rxa8 26. d6 hxg4 27. d7 Rd8 28.
Qd6 g3 29. fxg3 Qh2 30. Be2 Qh1+ 31. Kf2 Qh2+ 32. Ke1 Qh1+ 33. Kf2 Qh2+ 34. Ke1
1/2-1/2

[Event "DRUZYNOWE MISTRZOSTWA POLSKI - I LIGA"]
[Site "Ustron"]
[Date "1899-12-30"]
[Round "2.21"]
[White "Licznerski, Lukasz"]
[Black "Olsen, Filip Boe"]
[Result "1/2-1/2"]
[WhiteTitle "FM"]
[BlackTitle "IM"]
[WhiteElo "2377"]
[BlackElo "2351"]

1. e4 c5 2. Nf3 d6 3. Bb5+ Bd7 4. Bxd7+ Qxd7 5. c4 Nf6 6. Nc3 g6 7. d4 cxd4 8.
Nxd4 Bg7 9. f3 O-O 10. Be3 Nc6 11. O-O Rfc8 12. b3 Qd8 13. Qd3 Nd7 14. Rfd1 Nxd4
15. Bxd4 Bxd4+ 16. Qxd4 Qb6 17. Qxb6 Nxb6 18. Nd5 Kf8 19. Nxb6 axb6 20. a4 g5
21. Kf2 f6 22. h4 h6 23. Rh1 Kf7 24. Rad1 Ke6 25. Rd5 Rc5 26. Ke3 Rg8 27. hxg5
hxg5 28. Rh7 Kd7 29. Kd3 Re8 30. Kc3 Rg8 31. g4 Rgc8 32. Kb4 Ke6 33. Rd1 Rg8 34.
Rd2 Rgc8 35. Rd5 Kd7 36. Rd1 Ke6 37. Rdh1 Rg8 38. Rh8 Rxh8 39. Rxh8 Kd7 40. Rb8
Kc7 41. Ra8 Kd7 42. Rh8 Kc7 43. Rh1 Kd7 44. Rd1 Kc7 45. Rd5 Kc6 46. Rf5 Re5 47.
Kc3 Kc5 48. b4+ Kc6 49. Kd4 Kd7 50. Ke3 Ke6 51. f4 gxf4+ 52. Kxf4 Rxf5+ 53. exf5+
Kf7 54. Ke4 e5 55. fxe6+ Kxe6 56. Kd4 Ke7 57. Kd5 Kd7 58. Kd4 Ke7 59. Kd5 Kd7
60. a5 bxa5 61. bxa5 Ke7 62. c5 dxc5 63. Kxc5 Kd7 64. Kd5 Ke7 65. Kc5 1/2-1/2

[Event "DRUZYNOWE MISTRZOSTWA POLSKI - I LIGA"]
[Site "Ustron"]
[Date "1899-12-30"]
[Round "2.22"]
[White "Szoen, Dariusz"]
[Black "Godzwon, Iwo"]
[Result "1/2-1/2"]
[WhiteTitle "IM"]
[BlackTitle "FM"]
[WhiteElo "2407"]
[BlackElo "2317"]

1. c4 e5 2. Nc3 Nc6 3. g3 Bc5 4. e3 Nf6 5. Bg2 O-O 6. Nge2 d6 7. d4 Bb6 8. O-O
exd4 9. exd4 h6 10. Na4 Re8 11. Nxb6 axb6 12. Nc3 Bf5 13. Be3 Qd7 14. Qd2 Ne4
15. Nxe4 Bxe4 16. f3 Bg6 17. d5 Ne5 18. b3 Ra3 19. Bd4 Qf5 20. Bb2 Ra7 21. Bxe5
Rxe5 22. f4 Re8 23. Rfe1 Raa8 24. Rxe8+ Rxe8 25. Bf3 Kf8 26. Kf2 Ra8 27. a4 Bh5
28. Re1 Bxf3 1/2-1/2

[Event "DRUZYNOWE MISTRZOSTWA POLSKI - I LIGA"]
[Site "Ustron"]
[Date "1899-12-30"]
[Round "2.23"]
[White "Kowalczyk, Pawel"]
[Black "Boe, Mads"]
[Result "1-0"]
[WhiteTitle "m"]
[BlackTitle "FM"]
[WhiteElo "2339"]
[BlackElo "2284"]

1. e4 c6 2. Nc3 d5 3. Nf3 Bg4 4. h3 Bxf3 5. Qxf3 e6 6. Qg3 Ne7 7. d3 Nd7 8. Be2
g6 9. O-O Bg7 10. f4 O-O 11. h4 h5 12. Kh1 f5 13. e5 Kh7 14. Nb1 Ng8 15. Nd2 Nh6
16. Nf3 Re8 17. a4 a5 18. Be3 Nb6 19. Rfb1 Bf8 20. Ng5+ Kh8 21. c3 Nc8 22. b4
axb4 23. cxb4 Qd7 24. Qe1 Nf7 25. Nf3 Ne7 26. Qc3 Rec8 27. Bc5 Nh6 28. Qb3 Ng4
29. Rc1 Ng8 30. Bg1 Bh6 31. g3 Bf8 32. Ra2 Be7 33. Bd1 Bd8 34. Rac2 Ne7 35. Rc3
Kg8 36. Qc2 Kg7 37. Nd4 Kf7 38. Nf3 Kg7 39. Qb2 Kg8 40. Nd4 Kf7 41. Nb3 d4 42.
Nxd4 Nd5 43. Bb3 Bb6 44. Rc4 Re8 45. Qd2 Ba7 46. Nf3 Nge3 47. Re1 Ng4 48. d4 Kg7
49. Rec1 Rad8 50. R4c2 Qe7 51. b5 cxb5 52. Qa5 Bb6 53. Qxb5 Qb4 54. Qxb4 Nxb4
55. Rd2 Ba5 56. Rc5 Nc6 57. Rdc2 Re7 58. Rb5 Nh6 59. Ng5 Rde8 60. Nxe6+ 1-0

[Event "DRUZYNOWE MISTRZOSTWA POLSKI - I LIGA"]
[Site "Ustron"]
[Date "1899-12-30"]
[Round "2.24"]
[White "Kubicka, Anna"]
[Black "Starosta, Martyna"]
[Result "1/2-1/2"]
[WhiteTitle "WIM"]
[BlackTitle "WCM"]
[WhiteElo "2264"]
[BlackElo "2038"]

1. d4 Nf6 2. c4 g6 3. g3 c6 4. Bg2 d5 5. Nf3 Bg7 6. O-O O-O 7. Nc3 Ne4 8. cxd5
cxd5 9. Ne5 f6 10. Nd3 Nc6 11. Nf4 e6 12. Nxe4 dxe4 13. Bxe4 Nxd4 14. Be3 f5 15.
Bg2 Qb6 16. Qa4 Qb5 17. Qxb5 Nxb5 18. Rad1 e5 19. Nd5 Rf7 20. a4 Nd4 21. Bxd4
exd4 22. Rc1 Rb8 23. Nc7 Re7 24. Rc2 b6 25. Rfc1 Bb7 26. Bxb7 Rxb7 27. Nd5 Red7
28. Nb4 Bh6 29. Rd1 Bf8 30. Nd3 Bd6 31. Rc4 Be7 32. Ne5 Rd5 33. Nf3 b5 34. Rc8+
Kf7 35. b3 bxa4 36. bxa4 Rb4 37. e3 d3 38. Rxd3 Rxd3 39. Ne5+ Kf6 40. Nxd3 Rxa4
41. Nf4 Bd6 42. Kg2 Bxf4 43. gxf4 Ra2 44. Rc7 h6 45. Rh7 h5 46. Rc7 a5 47. Ra7
a4 48. Ra6+ Kf7 49. Kg3 Kg7 50. Ra7+ Kf6 51. Ra6+ Kf7 1/2-1/2

[Event "DRUZYNOWE MISTRZOSTWA POLSKI - I LIGA"]
[Site "Ustron"]
[Date "1899-12-30"]
[Round "2.25"]
[White "Szpar, Milosz"]
[Black "Kowalski, Igor"]
[Result "1-0"]
[WhiteTitle "FM"]
[BlackTitle "FM"]
[WhiteElo "2397"]
[BlackElo "2397"]

1. e4 e5 2. Nf3 Nc6 3. Bb5 a6 4. Ba4 Nf6 5. O-O b5 6. Bb3 Bc5 7. a4 Bb7 8. d3 d6
9. Nc3 Na5 10. Ba2 b4 11. Ne2 b3 12. Bd2 bxc2 13. Qxc2 Nc6 14. Qb3 O-O 15. Qxb7
Nb4 16. Bxb4 Rb8 17. Qxa6 Rxb4 18. b3 Nd7 19. d4 Bxd4 20. Nexd4 exd4 21. Rad1
Rb6 22. Qe2 c5 23. Nd2 Nf6 24. Nc4 Rb7 25. Qf3 Re7 26. Bb1 Rfe8 27. Qg3 Re6 28.
Bd3 g6 29. h3 Kg7 30. b4 Nh5 31. Qg4 cxb4 32. Bc2 b3 33. Bb1 Qa8 34. Rxd4 Qxa4
35. Nxd6 1-0

[Event "DRUZYNOWE MISTRZOSTWA POLSKI - I LIGA"]
[Site "Ustron"]
[Date "1899-12-30"]
[Round "2.26"]
[White "Chylewski, Patryk"]
[Black "Mis, Mieszko"]
[Result "1/2-1/2"]
[WhiteTitle "FM"]
[BlackTitle "FM"]
[WhiteElo "2324"]
[BlackElo "2350"]

1. e4 d6 2. d4 Nf6 3. f3 e5 4. dxe5 dxe5 5. Qxd8+ Kxd8 6. Bc4 Ke7 7. Be3 Be6 8.
Nd2 Nc6 9. O-O-O Bxc4 10. Nxc4 Ke6 11. Nh3 h6 12. Nf2 b5 13. Nd2 Nd7 14. Nb3 a5
15. Rd5 a4 16. Nc5+ Bxc5 17. Bxc5 Nf6 18. Rd2 Nd7 19. Nd3 Rhd8 20. Rhd1 Nb6 21.
Bf2 Ke7 22. b3 f6 23. f4 Nd7 24. Kb2 g5 25. fxe5 fxe5 26. Bg3 Ke6 27. h4 a3+ 28.
Kc3 Nd4 29. Rf2 c5 30. hxg5 c4 31. bxc4 Rac8 32. Nxe5 Nxe5 33. Rf6+ Ke7 34. Rxd4
b4+ 35. Kxb4 Rxd4 36. Bxe5 Rdxc4+ 37. Kxa3 hxg5 38. Rg6 1/2-1/2

[Event "DRUZYNOWE MISTRZOSTWA POLSKI - I LIGA"]
[Site "Ustron"]
[Date "1899-12-30"]
[Round "2.28"]
[White "Kokoszczynski, Jan"]
[Black "Chyzy, Jakub"]
[Result "1/2-1/2"]
[WhiteTitle "FM"]
[BlackTitle "FM"]
[WhiteElo "2231"]
[BlackElo "2249"]

1. d4 Nf6 2. c4 d6 3. Nc3 Nbd7 4. Nf3 e5 5. Bg5 Be7 6. e3 O-O 7. Qc2 c6 8. O-O-O
exd4 9. Nxd4 Nc5 10. Kb1 a5 11. h3 Ne8 12. Bf4 Bf6 13. g4 g6 14. Bg2 a4 15. Ne4
Nxe4 16. Bxe4 Qe7 17. Rd2 a3 18. b3 Bg7 19. g5 Nc7 20. Nxc6 bxc6 21. Bxd6 Qxg5
22. f4 Qa5 23. Bxf8 Bxf8 24. Bxc6 Rb8 25. e4 Na6 26. Bd5 Bg7 27. Rhh2 Nc5 28.
h4 Bd7 29. h5 Qb6 30. hxg6 hxg6 31. Rdg2 Na4 32. c5 Qb4 33. Rxg6 Qe1+ 34. Qc1
Nc3+ 35. Kc2 Qxc1+ 36. Kxc1 Nxd5 37. Rxg7+ Kxg7 38. exd5 Bf5 39. Rd2 Kf6 40. Rd4
Rh8 41. d6 Bd7 42. Kc2 Kf5 43. Kc3 Rh2 1/2-1/2

[Event "DRUZYNOWE MISTRZOSTWA POLSKI - I LIGA"]
[Site "Ustron"]
[Date "1899-12-30"]
[Round "2.29"]
[White "Czernek, Tymon"]
[Black "Praczukowski, Stanislaw"]
[Result "0-1"]
[WhiteTitle "I++"]
[BlackTitle "k"]
[WhiteElo "2267"]
[BlackElo "2173"]

1. e4 c5 2. Nf3 Nc6 3. d4 cxd4 4. Nxd4 e6 5. Nc3 a6 6. Nxc6 bxc6 7. Bd3 d5 8. O-O
Nf6 9. e5 Nd7 10. f4 g6 11. Kh1 Be7 12. Ne2 Bb7 13. c3 O-O 14. Rf3 a5 15. Rh3
Nc5 16. Bc2 Ne4 17. Be3 c5 18. Ng3 f5 19. Nxe4 dxe4 20. Qe2 Ba6 21. Qf2 Qb6 22.
Rb1 Qc6 23. b3 Rad8 24. c4 a4 25. Rg1 axb3 26. axb3 Bb7 27. g4 Rd3 28. Rh6 Rfd8
29. h3 Rd2 30. Bxd2 e3+ 31. Qg2 Rxd2 0-1

[Event "DRUZYNOWE MISTRZOSTWA POLSKI - I LIGA"]
[Site "Ustron"]
[Date "1899-12-30"]
[Round "2.30"]
[White "Moscicka, Pola"]
[Black "Wikar, Martyna"]
[Result "1/2-1/2"]
[WhiteTitle "k++"]
[BlackTitle "k++"]
[WhiteElo "1880"]
[BlackElo "2045"]

1. d4 f5 2. g3 Nf6 3. Nf3 g6 4. Bg2 Bg7 5. O-O O-O 6. b3 d6 7. Bb2 Ne4 8. Nbd2
Nc6 9. c4 e5 10. dxe5 Nxd2 11. Qxd2 dxe5 12. Qd5+ Kh8 13. Qxd8 Rxd8 14. Rfd1 e4
15. Rxd8+ Nxd8 16. Bxg7+ Kxg7 17. Nd4 Ne6 18. Rd1 Nxd4 19. Rxd4 Be6 20. f3 Kf6
21. Kf2 Ke5 22. Rd1 exf3 23. exf3 f4 24. Re1+ Kf6 25. gxf4 Rd8 26. Bf1 Bf5 27.
Re3 Rd2+ 28. Re2 Rd4 29. Kg3 Rd1 30. Bg2 Ra1 31. Rd2 b6 32. Bh3 Rg1+ 33. Kf2 Rh1
34. Kg2 Ra1 35. Kg3 Ke5 1/2-1/2

[Event "DRUZYNOWE MISTRZOSTWA POLSKI - I LIGA"]
[Site "Ustron"]
[Date "1899-12-30"]
[Round "3.1"]
[White "Kowalski, Igor"]
[Black "Kolago, Marcin"]
[Result "1/2-1/2"]
[WhiteTitle "FM"]
[BlackTitle "m"]
[WhiteElo "2397"]
[BlackElo "2342"]

1. d4 Nf6 2. Nf3 g6 3. Bf4 Bg7 4. e3 d6 5. h3 O-O 6. Be2 a6 7. c4 c5 8. Nc3 Bf5
9. O-O Ne4 10. Nxe4 Bxe4 11. Nd2 Bf5 12. Nb3 Qb6 13. g4 Be6 14. Qd2 a5 15. d5
Bd7 16. Rab1 a4 17. Nc1 Qa5 1/2-1/2

[Event "DRUZYNOWE MISTRZOSTWA POLSKI - I LIGA"]
[Site "Ustron"]
[Date "1899-12-30"]
[Round "3.7"]
[White "Pakleza, Zbigniew"]
[Black "Szpar, Milosz"]
[Result "1/2-1/2"]
[WhiteTitle "GM"]
[BlackTitle "FM"]
[WhiteElo "2503"]
[BlackElo "2397"]

1. Nf3 Nf6 2. c4 e6 3. Nc3 c5 4. e3 d5 5. d4 dxc4 6. Bxc4 a6 7. a4 Nc6 8. O-O Be7
9. Qe2 cxd4 10. Rd1 e5 11. exd4 exd4 12. Nxd4 Nxd4 13. Qe5 Qd6 14. Qxd6 Bxd6 15.
Rxd4 Bc5 16. Rd1 O-O 17. Bg5 Be6 18. Bxe6 fxe6 19. Bxf6 gxf6 20. Ne4 Rac8 21.
h4 Bb4 22. Rac1 Rxc1 23. Rxc1 Rf7 24. Kf1 Kg7 25. Rc4 Be7 26. Ke2 Kg6 27. Rd4
f5 28. Nd6 Bxd6 29. Rxd6 Kf6 30. Ke3 Ke5 31. Rb6 f4+ 32. Kf3 Kf5 33. g4+ fxg3
34. fxg3 h5 35. b4 Rd7 36. a5 Rd3+ 37. Kf2 Rd7 38. Kf3 Rd3+ 39. Kf2 Rd7 40. Kf3
Ke5 41. Ke4+ 1/2-1/2

[Event "DRUZYNOWE MISTRZOSTWA POLSKI - I LIGA"]
[Site "Ustron"]
[Date "1899-12-30"]
[Round "3.8"]
[White "Mis, Mieszko"]
[Black "Jakubiec, Artur"]
[Result "1/2-1/2"]
[WhiteTitle "FM"]
[BlackTitle "GM"]
[WhiteElo "2350"]
[BlackElo "2463"]

1. d4 d6 2. c4 e5 3. d5 f5 4. Nc3 Nf6 5. e4 fxe4 6. Nge2 Na6 7. Ng3 Nc5 8. Be3
b6 9. Qc2 Be7 10. Bxc5 bxc5 11. Ncxe4 Nxe4 12. Nxe4 O-O 13. Bd3 g6 14. O-O-O Bf5
15. Kb1 Rb8 16. Ng3 e4 17. Bxe4 Bf6 18. b3 Bg7 19. a4 Bd7 20. Ka2 Rb4 21. Rb1
Qf6 22. Bf3 Rfb8 23. Ne4 Qe5 24. Ka3 Bf5 25. Rhe1 Bxe4 26. Bxe4 Qxh2 27. g3 Rf8
28. Re2 Qh3 29. Rh1 Qg4 30. Bg2 Qg5 31. Bh3 Qf6 32. f4 Rfb8 33. Re3 Qd4 34. Be6+
Kh8 35. Rhe1 Qf6 36. Bd7 Rf8 37. Re6 Qc3 38. Qxc3 Bxc3 39. Rh1 Bf6 40. g4 g5 41.
f5 Rbb8 42. Ka2 1/2-1/2

[Event "DRUZYNOWE MISTRZOSTWA POLSKI - I LIGA"]
[Site "Ustron"]
[Date "1899-12-30"]
[Round "3.10"]
[White "Chyzy, Jakub"]
[Black "Szoen, Dariusz"]
[Result "1/2-1/2"]
[WhiteTitle "FM"]
[BlackTitle "IM"]
[WhiteElo "2249"]
[BlackElo "2407"]

1. e4 e6 2. d4 d5 3. Nc3 Bb4 4. e5 c5 5. Bd2 Ne7 6. Nb5 Bxd2+ 7. Qxd2 O-O 8. f4
Nbc6 9. Nf3 f6 10. c3 Qb6 11. Nd6 cxd4 12. cxd4 fxe5 13. fxe5 Bd7 14. Bd3 Nf5
15. Bxf5 exf5 16. Rc1 f4 17. h3 Be8 18. O-O Bh5 19. Kh2 Bxf3 20. Rxf3 Qxd4 21.
Qxd4 Nxd4 22. Rd3 Ne6 23. Rxd5 f3 24. g3 Rad8 25. Rd3 Ng5 26. h4 Ne4 27. Rd4 Nxd6
28. exd6 f2 29. Kg2 Rf6 30. Kf1 Rfxd6 31. Rxd6 Rxd6 32. Rc8+ Kf7 33. Rc7+ Kf6
34. Rxb7 Rd2 35. a4 a5 36. Rb5 g6 37. b3 Rb2 38. g4 h6 39. Kg2 Kf7 40. Kf1 Kf6
41. g5+ hxg5 42. hxg5+ Ke6 43. Kg2 Kd6 44. Rxa5 Rxb3 45. Kxf2 Ra3 46. Ke2 Kc6
47. Kf2 Kb6 48. Ra8 Kb7 49. Rg8 Rxa4 50. Rxg6 Kc7 51. Kg3 Kd7 52. Rf6 Ke7 53.
Rf5 Rb4 54. Kh3 Ra4 55. Rf3 Rb4 56. Rf5 Ra4 57. Kg3 Rb4 58. g6 Rb6 59. Rg5 Kf8
60. Kg4 Kg7 1/2-1/2

[Event "DRUZYNOWE MISTRZOSTWA POLSKI - I LIGA"]
[Site "Ustron"]
[Date "1899-12-30"]
[Round "3.13"]
[White "Plichta, Kamil"]
[Black "Cukrowski, Filip"]
[Result "0-1"]
[WhiteTitle "FM"]
[BlackTitle "FM"]
[WhiteElo "2383"]
[BlackElo "2406"]

1. d4 d5 2. c4 e6 3. Nc3 Bb4 4. Nf3 Nf6 5. Bg5 h6 6. Bxf6 Qxf6 7. Rc1 dxc4 8. Qa4+
Nc6 9. a3 Bxc3+ 10. Rxc3 Qf5 11. Qxc4 Qb1+ 12. Rc1 Qxb2 13. Qc3 Qxc3+ 14. Rxc3
Bd7 15. e4 O-O-O 16. Bc4 Be8 17. d5 exd5 18. Bxd5 Ne7 19. Bb3 f6 20. O-O Ng6 21.
Rfc1 c6 22. Ne1 Nf4 23. Kf1 Bh5 24. f3 Rhe8 25. R1c2 Bg6 26. Rb2 Re7 27. g3 Ne6
28. Ba2 Nd4 29. Kf2 f5 30. exf5 Bxf5 31. Ng2 Be6 32. Bb1 Bf7 33. h4 Re5 34. a4
Ra5 35. Rb4 c5 36. Ne3 b6 37. Nf5 Kb8 38. Rb2 Nxf5 39. Bxf5 c4 40. Bc2 Rd2+ 41.
Ke3 Rg2 42. Rb5 Rxb5 43. axb5 Rxg3 44. Kf4 Rg2 45. Be4 Rb2 46. Bc6 Rb3 47. Rc1
c3 48. Ke5 Bg6 49. f4 Bd3 50. Kd6 c2 51. Re1 Be2 52. Rc1 Bd1 53. Be4 Rxb5 54.
Bxc2 Bxc2 55. Rxc2 Rc5 56. Re2 Rc7 57. f5 a5 58. Kd5 b5 59. Ra2 a4 60. Rb2 Rb7
61. Kc5 a3 62. Rb1 b4 63. Kc4 a2 64. Kd4 0-1

[Event "DRUZYNOWE MISTRZOSTWA POLSKI - I LIGA"]
[Site "Ustron"]
[Date "1899-12-30"]
[Round "3.14"]
[White "Pacan-milej, Kosma"]
[Black "Lewtak, Damian"]
[Result "1/2-1/2"]
[WhiteTitle "FM"]
[BlackTitle "IM"]
[WhiteElo "2420"]
[BlackElo "2377"]

1. d4 d5 2. c4 c6 3. Nf3 Nf6 4. Qb3 dxc4 5. Qxc4 Bf5 6. g3 Nbd7 7. Bg2 e6 8. O-O
Be7 9. Qb3 Qb6 10. Nbd2 Qxb3 11. axb3 O-O 12. Nc4 Be4 13. Bf4 Nd5 14. Bd6 a6 15.
Bxe7 Nxe7 16. Nfd2 Bxg2 17. Kxg2 Rfd8 18. Ne4 Rab8 19. Rfd1 Nd5 20. e3 Kf8 21.
Kf3 Ke7 22. g4 N5f6 23. g5 Nxe4 24. Kxe4 h6 25. h4 hxg5 26. hxg5 Rh8 27. Rh1 c5
28. d5 f5+ 29. Kf4 exd5 30. Ne5 Ke6 31. Nxd7 Kxd7 32. Ke5 Kc6 33. Rxh8 Rxh8 34.
Rf1 Rf8 35. f4 g6 36. Ke6 Rd8 37. b4 b6 38. bxc5 bxc5 39. Ra1 d4 40. exd4 cxd4
41. Rxa6+ Kb5 42. Ra1 d3 43. Kf6 Rd4 44. Kxg6 Rxf4 45. Kf6 Rf2 46. g6 Rxb2 1/2-1/2

[Event "DRUZYNOWE MISTRZOSTWA POLSKI - I LIGA"]
[Site "Ustron"]
[Date "1899-12-30"]
[Round "3.19"]
[White "Kuzmicz, Krystian"]
[Black "Szwed, Jacek"]
[Result "0-1"]
[WhiteTitle "IM"]
[BlackTitle "FM"]
[WhiteElo "2468"]
[BlackElo "2380"]

1. g3 c5 2. Bg2 Nc6 3. e4 g6 4. d3 Bg7 5. f4 d6 6. Nf3 e5 7. O-O Nge7 8. Nc3 O-O
9. f5 gxf5 10. Nh4 Nd4 11. exf5 Nexf5 12. Nxf5 Bxf5 13. Bxb7 Rb8 14. Bd5 Qd7 15.
Rf2 Kh8 16. Qf1 Be6 17. Qg2 Bh3 18. Qe4 Bg4 19. h3 Bxh3 20. Qh1 Qg4 21. Qh2 f5
22. Kh1 Rf6 23. Be3 Bh6 24. Bxd4 Qxd4 25. Ne4 Qxd5 26. Qxh3 Rbf8 27. c4 Qb7 28.
Raf1 Bf4 29. gxf4 fxe4 30. Rg2 exf4 31. dxe4 Qxe4 32. Rf3 Qxc4 33. Qh5 Qe4 34.
Kh2 Qf5 35. Rg5 Qe4 36. Rh3 f3 37. Rgg3 f2 38. Qg5 f1=N+ 0-1

[Event "DRUZYNOWE MISTRZOSTWA POLSKI - I LIGA"]
[Site "Ustron"]
[Date "1899-12-30"]
[Round "3.20"]
[White "Zylka, Stanislaw"]
[Black "Butkiewicz, Lukasz"]
[Result "1-0"]
[WhiteTitle "FM"]
[BlackTitle "IM"]
[WhiteElo "2377"]
[BlackElo "2393"]

1. d4 Nf6 2. c4 e6 3. Nc3 Bb4 4. Bf4 O-O 5. e3 d6 6. Nf3 Nbd7 7. Be2 b6 8. O-O
Bxc3 9. bxc3 Bb7 10. Nd2 h6 11. Qc2 e5 12. Bg3 Re8 13. Rae1 c5 14. d5 Qe7 15.
e4 Nf8 16. Ra1 Reb8 17. a4 Bc8 18. a5 bxa5 19. Nb3 Nxe4 20. Nxa5 Nxg3 21. fxg3
Rb6 22. Nc6 Qc7 23. Bd3 a6 24. Rf2 Bb7 25. Raf1 f6 26. Qe2 Re8 27. Qg4 Bc8 28.
Qh4 Qf7 29. h3 Rb3 30. Qe4 Rxc3 31. g4 Rb3 32. Bc2 Rb2 33. Qe3 Rb7 34. Qe4 Rb2
35. Qe3 e4 36. Qc3 Qb7 37. Qg3 Qc7 38. Qc3 Qb7 39. Qg3 Qc7 40. Qc3 Rb7 41. Re1
Ng6 42. Bxe4 Ne5 43. Bc2 Qf7 44. Nxe5 Rxe5 45. Rxe5 dxe5 46. Qe3 Qe7 47. Qe4 Qf7
48. Qe3 Qe7 49. Qe4 Qf7 50. Rd2 Bd7 51. Kh2 a5 52. Qe3 Rc7 53. Be4 Rc8 54. d6
Kf8 55. Bb7 Rb8 56. Bd5 Qe8 57. Qxc5 e4 58. Qd4 Rc8 59. Re2 Qe5+ 60. Qxe5 fxe5
61. Rxe4 a4 62. Rxe5 Rc5 63. Re7 Bb5 64. Rb7 1-0

[Event "DRUZYNOWE MISTRZOSTWA POLSKI - I LIGA"]
[Site "Ustron"]
[Date "1899-12-30"]
[Round "3.21"]
[White "Luch, Michal"]
[Black "Koziol, Kamil"]
[Result "1/2-1/2"]
[WhiteTitle "IM"]
[BlackTitle "FM"]
[WhiteElo "2389"]
[BlackElo "2296"]

1. d4 Nf6 2. c4 e6 3. Nf3 d5 4. g3 dxc4 5. Bg2 Bb4+ 6. Bd2 a5 7. Qc2 Bxd2+ 8. Qxd2
c6 9. a4 Ne4 10. Qf4 Qb6 11. O-O Qxb2 12. Ne5 O-O 13. Na3 Nc3 14. Qe3 Nxe2+ 15.
Kh1 Nc3 16. Naxc4 Qb4 17. Rfc1 Nd5 18. Bxd5 exd5 19. Nd3 Qb3 20. Rab1 Qxb1 21.
Rxb1 dxc4 22. Nf4 Nd7 23. Qc3 b5 24. f3 Nb6 25. axb5 Bf5 26. Ra1 cxb5 27. Rxa5
Na4 28. Qb4 Rxa5 29. Qxa5 c3 30. Ne2 c2 31. Qxb5 Nc3 32. Qxf5 Nxe2 33. Qxc2 Nxd4
34. Qe4 Ne6 35. h4 g6 36. Kg2 h5 37. Qe5 Ng7 38. g4 Re8 39. Qb5 Re6 40. Kg3 Kh7
41. Qd7 Kg8 42. Qa7 Re8 43. Qb7 Re6 44. Kf4 hxg4 45. fxg4 f5 46. h5 Kh7 47. hxg6+
Rxg6 48. gxf5 Rf6 49. Qh1+ Rh6 50. Qg2 Rh4+ 51. Ke5 Rh5 52. Qg6+ Kg8 53. Kf4 Rxf5+
54. Kg4 Kf8 55. Qd6+ Kf7 56. Qd7+ Kf8 57. Qxg7+ Kxg7 58. Kxf5 1/2-1/2

[Event "DRUZYNOWE MISTRZOSTWA POLSKI - I LIGA"]
[Site "Ustron"]
[Date "1899-12-30"]
[Round "3.22"]
[White "Nowak, Mikolaj"]
[Black "Brodowski, Piotr"]
[Result "1/2-1/2"]
[WhiteTitle "k"]
[BlackTitle "IM"]
[WhiteElo "2279"]
[BlackElo "2446"]

1. d4 Nf6 2. Nf3 c5 3. d5 e6 4. Nc3 b5 5. dxe6 fxe6 6. e4 b4 7. Nb5 Ba6 8. Nd6+
Bxd6 9. Qxd6 Bxf1 10. Rxf1 Qe7 11. Qc7 Nc6 12. Bg5 h6 13. Bxf6 gxf6 14. O-O-O
Rg8 15. Rd2 Rxg2 16. Rfd1 Rd8 17. Ne1 Rg1 18. Qf4 Qg7 19. Qd6 Qe7 20. Qf4 Qg7
21. Qd6 Qe7 22. Qf4 1/2-1/2

[Event "DRUZYNOWE MISTRZOSTWA POLSKI - I LIGA"]
[Site "Ustron"]
[Date "1899-12-30"]
[Round "3.23"]
[White "Skawinski, Arkadiusz"]
[Black "Tomaszewski, Kacper"]
[Result "1/2-1/2"]
[WhiteTitle "FM"]
[BlackTitle "FM"]
[WhiteElo "2384"]
[BlackElo "2341"]

1. e4 c6 2. Nf3 d5 3. Nc3 g6 4. h3 Bg7 5. d4 Nf6 6. Bd3 dxe4 7. Nxe4 Nxe4 8. Bxe4
Nd7 9. O-O O-O 10. c3 e5 11. Bc2 exd4 12. Nxd4 Nc5 13. Be3 Ne6 14. Nb3 Qc7 15.
f4 f5 16. Nd4 Nxd4 17. Bxd4 Be6 18. Re1 Bd5 19. Bxg7 Qxg7 20. Bb3 Rad8 21. Re5
Bf7 22. Qe2 Rd7 23. Rd1 Bxb3 24. axb3 Rxd1+ 25. Qxd1 Qc7 26. Qd4 Qb6 27. Qxb6
axb6 28. Re7 Rf7 29. Re8+ 1/2-1/2